000 00258nam a2200097Ia 4500
001 962214
005 20250826220144.0
008 250824s9999 xx 000 0 und d
245 0 _aDOMBİLİ KÖTÜ BİRŞEY YAPIYOR
_cJUDITH KERR
260 _bHEP KİTAP YAYINLARI
999 _c962214
_d962214